Экономическая теория. Макроэкономика: учебное пособие

Xehetasun bibliografikoak
Egile nagusia: Лившиц В. И. Вера Исаковна
Erakunde egilea: Томский политехнический университет (ТПУ)
Beste egile batzuk: Дукарт С. А. Сергей Александрович, Ермушко Ж. А. Жанна Александровна
Gaia:Учебное пособие посвящено основным проблемам макроэкономики. Оно включает восемь основных тем и составлено на основе государственного образовательного стандарта. Пособие подготовлено на кафедре экономики 'ГПУ и предназначено для студентов направлений 521600 «Экономика», 351100 «Антикризисное управление» и специальностей 061500 «Маркетинг», 060500 «Бухучет, анализ и аудит», 060700 «Национальная экономика», 061100 «Менеджмент организаций», 060800 «Экономика и управление на предприятии» Института дистанционного образования. Данное пособие может быть использовано всеми студентами, изучающими дисциплины «Экономика» и «Экономическая теория».
Hizkuntza:errusiera
Argitaratua: Томск, Изд-во ТПУ, 2008
Edizioa:2-е изд., испр. и доп.
Saila:Учебники Томского политехнического университета
Gaiak:
Formatua: Liburua
KOHA link:https://koha.lib.tpu.ru/cgi-bin/koha/opac-detail.pl?biblionumber=159419

MARC

LEADER 00000nam0a2200000 4500
001 159419
005 20240205134135.0
035 |a (RuTPU)RU\TPU\book\172910 
035 |a RU\TPU\book\94273 
090 |a 159419 
100 |a 20090508d2008 m y0rusy50 ca 
101 0 |a rus 
102 |a RU 
105 |a a j 001zy 
200 1 |a Экономическая теория. Макроэкономика  |e учебное пособие  |f В. И. Лившиц, С. А. Дукарт, Ж. А. Ермушко  |g Томский политехнический университет 
205 |a 2-е изд., испр. и доп. 
210 |a Томск  |c Изд-во ТПУ  |d 2008 
215 |a 128 с.  |c ил. 
225 1 |a Учебники Томского политехнического университета 
320 |a Библиогр.: с. 125. 
330 |a Учебное пособие посвящено основным проблемам макроэкономики. Оно включает восемь основных тем и составлено на основе государственного образовательного стандарта. Пособие подготовлено на кафедре экономики 'ГПУ и предназначено для студентов направлений 521600 «Экономика», 351100 «Антикризисное управление» и специальностей 061500 «Маркетинг», 060500 «Бухучет, анализ и аудит», 060700 «Национальная экономика», 061100 «Менеджмент организаций», 060800 «Экономика и управление на предприятии» Института дистанционного образования. Данное пособие может быть использовано всеми студентами, изучающими дисциплины «Экономика» и «Экономическая теория». 
451 1 |0 (RuTPU)RU\TPU\book\94273  |t Экономическая теория. Макроэкономика  |o учебное пособие  |f В. И. Лившиц, С. А. Дукарт, Ж. А. Ермушко  |g Томский политехнический университет; Институт дистанционного образования  |e 2-е изд., стер.  |c Томск  |n Изд-во ТПУ  |d 2005  |p 112 с.  |a Лившиц, Вера Исаковна 
606 1 |a Макроэкономика  |2 stltpush  |3 (RuTPU)RU\TPU\subj\36372  |9 57778 
610 1 |a экономика 
610 1 |a экономическая теория 
610 1 |a макроэкономическое равновесие 
610 1 |a безработица 
610 1 |a инфляция 
610 1 |a экономический рост 
610 1 |a экономические циклы 
610 1 |a денежные системы 
610 1 |a финансовая политика 
610 1 |a мировая экономика 
610 1 |a международные отношения 
610 1 |a валютные отношения 
610 1 |a учебные пособия 
610 1 |a труды учёных ТПУ 
686 |a У012.2я73  |2 rubbk 
700 1 |a Лившиц  |b В. И.  |c экономист  |c доцент Томского политехнического университета, кандидат экономических наук  |f 1954-  |g Вера Исаковна  |3 (RuTPU)RU\TPU\pers\25995 
701 1 |a Дукарт  |b С. А.  |c экономист  |c доцент Томского политехнического университета, кандидат исторических наук  |f 1970-  |g Сергей Александрович  |3 (RuTPU)RU\TPU\pers\27131  |9 12671 
701 1 |a Ермушко  |b Ж. А.  |c экономист  |c доцент Томского политехнического университета, кандидат экономических наук  |f 1965-  |g Жанна Александровна  |3 (RuTPU)RU\TPU\pers\25993  |9 11842 
712 0 2 |a Томский политехнический университет (ТПУ)  |c (1991- )  |3 (RuTPU)RU\TPU\col\376 
801 1 |a RU  |b 63413507  |c 20031020  |g PSBO 
801 2 |a RU  |b 63413507  |c 20191206  |g PSBO 
942 |c BK